• 首页
  • 本馆介绍
  • 公告通知
  • 最新文献
  • 馆藏检索
  • 电子资源
  • 读者导购
  • 参考咨询
  • 我的图书馆
  • 登录
  • 详细信息显示
  • 放入我的书架
  • 预约/预借图书
  • 作者相关作品
  • 分类相关作品
  • 丛书相关作品
  • 出版社相关作品

书目信息

  • 表格格式
  • 工作单格式
  • 卡片格式
题名:
影响世界的100种文化
    
 
作者: 邓蜀生 主编
分册:  
出版信息: 南宁   广西人民出版社  2003.01
页数: 474页
开本: 20cm
丛书名: 影响世界100系列丛书
单 册:
中图分类: G11
科图分类:
主题词: 文化事业--世界
电子资源:
ISBN: 7-219-02990-X
000 00659nam0 2200217 45
001 0304250909
005 20030425093239.2
010    @a7-219-02990-X@d24.80元
100    @a20030425d2003 km y0chiy0120 ea
101 0  @achi
105    @a z 000yy
200 1  @a影响世界的100种文化@AYing Xiang Shi Jie De 100 Zhong Wen Hua@f邓蜀生等主编@FDeng Shu Sheng Deng Zhu Bian
210    @a南宁@c广西人民出版社@d2003.01
215    @a474页@d20cm
225    @a影响世界100系列丛书
410    @12001 @a影响世界100系列丛书
606 0  @a文化事业@x世界
690    @aG11@v3
701  0 @a邓蜀生@4主编
801    @aCN@bPftUser@c20030425
905    @aBZT@b346968-977@dG11@e1@f10
    
    影响世界的100种文化/邓蜀生等主编.-南宁:广西人民出版社,2003.01
    474页;20cm.-(影响世界100系列丛书)
    
    
    ISBN 7-219-02990-X:24.80元
    
●
相关链接 在五车中查询图书 在当当中查询图书 在豆瓣中查询图书


正题名:影响世界的100种文化     索取号:G11/1         预约/预借

序号 登录号 条形码 馆藏地/架位号 状态 备注
1 346968   201352641   样本书库/样001架A面1层3列/ [索取号:G11/1] 在馆    
2 346969   201352650   中心书库北库/ 北库033架B面2列2层16/ [索取号:G11/1] 在馆    
3 346970   201352669   中心书库北库/ 北库033架B面2列2层13/ [索取号:G11/1] 在馆    
4 346971   201352678   中心书库北库/ 北库033架B面2列2层2/ [索取号:G11/1] 在馆    
5 346972   201352687   中心书库北库/ 北库033架B面2列2层11/ [索取号:G11/1] 在馆    
6 346973   201352696   中心书库北库/ 北库033架B面2列2层12/ [索取号:G11/1] 在馆    
7 346974   201352703   中心书库北库/ 北库033架B面2列2层17/ [索取号:G11/1] 在馆    
8 346975   201352712   中心书库北库/ 北库033架B面2列2层8/ [索取号:G11/1] 在馆    
9 346976   201352721   中心书库北库/ 北库033架B面2列2层10/ [索取号:G11/1] 在馆    
10 346977   201352730   中心书库北库/ 北库033架B面2列2层6/ [索取号:G11/1] 在馆    
山东省滨州职业学院图书馆 欢迎您!
大连网信软件有限公司© 版权所有